000 00726nam a2200289Ia 4500
005 20260324114140.0
008 008 260324s9999 xx 000 0 eng d
020 _a9781003187134
037 _aEBOOK
040 _aCRL
040 _beng
040 _cCRL
041 _2eng
041 _aeng
084 _qCRL
100 _aJorge Ancheyta
_9972011
245 0 _aUpgrading of Heavy and Extra-Heavy Crude Oils by Catalytic Hydrotreating
245 4 _bThe History of HIDRO-IMP Technology
260 _bTaylor and Francis
260 _c2023
365 _a
365 _b355
856 _uhttp://www.taylorfrancis.com/books/9781003187134
942 _cEBOOK
999 _c1739651
_d1739651